<?xml version="1.0" encoding="UTF-8"?>
<collection xmlns="http://www.loc.gov/MARC21/slim">
 <record>
  <leader>00525pamaa2200169   4500</leader>
  <controlfield tag="001">0000015005</controlfield>
  <controlfield tag="005">20100107090000.0</controlfield>
  <datafield tag="020" ind1="0" ind2="0">
   <subfield code="a">0133533506 </subfield>
  </datafield>
  <datafield tag="082" ind1=" " ind2=" ">
   <subfield code="a">005.43 BEC</subfield>
  </datafield>
  <datafield tag="090" ind1="0" ind2="0">
   <subfield code="a">QA76.76.O63 </subfield>
   <subfield code="b">BEC 1995</subfield>
  </datafield>
  <datafield tag="100" ind1="1" ind2="0">
   <subfield code="a">BECKER </subfield>
  </datafield>
  <datafield tag="245" ind1="1" ind2="0">
   <subfield code="a">Solaris implementation : </subfield>
   <subfield code="b">a guide for system administrators  </subfield>
   <subfield code="c">George Becker, Mary E.S. Morris and Kathy Slattery.</subfield>
  </datafield>
  <datafield tag="260" ind1="0" ind2="0">
   <subfield code="a">California: </subfield>
   <subfield code="b">Sunsoft, </subfield>
   <subfield code="c">1995.</subfield>
  </datafield>
  <datafield tag="300" ind1=" " ind2=" ">
   <subfield code="a">xiii, 345p.: </subfield>
   <subfield code="b">24cm.</subfield>
  </datafield>
  <datafield tag="650" ind1="0" ind2="0">
   <subfield code="a">SOLARIS (Computer file) </subfield>
  </datafield>
  <datafield tag="700" ind1="1" ind2="1">
   <subfield code="a">Slattery, </subfield>
   <subfield code="h">Kathy </subfield>
  </datafield>
  <datafield tag="700" ind1="1" ind2="1">
   <subfield code="a">Morris, </subfield>
   <subfield code="h">Mary E.S. </subfield>
  </datafield>
 </record>
</collection>
